000 00415nam a22001457a 4500
082 _aT-76
100 _aMian Monir Ahmad
_948424
245 _aCalculation and performance of salient pole synchronous motors
_cMian Monir Ahmad
260 _aRisalpur
_bMCE
_c1948
300 _a55 P, :
526 _a0
_b0
_c0
_dT_76
650 _aMaster of Electrical Engineering
_948425
650 _aThesis
_934811
942 _2ddc
_cBK
999 _c551381
_d551381